| 000 | 00389cam a2200145ua 4500 | ||
|---|---|---|---|
| 041 |
_aeng _h |
||
| 082 |
_a620.11 _bCHU/IN |
||
| 100 | _aChung, Yip Wah . | ||
| 245 |
_aIntroduction to materials science and engineering / _cYip-Wah Chung. _hTextual Documents |
||
| 260 |
_aBocaratton : _bCRC Press Inc. , _c2007. |
||
| 300 | _a283 ; . | ||
| 504 | _a | ||
| 942 | _cBK | ||
| 999 |
_c13353 _d13353 |
||